Biggest Islands Without National Capital - Statistics

General Stats
  • This quiz has been taken 72 times
    52 since last reset
  • The average score is 9 of 16
Answer Stats
Hint Answer % Correct
2.138.000 km² Greenland
97%
507.451 km² Baffin Island
82%
Japan ; 78.719 km² Hokkaido
82%
Australia ; 65.022 km² Tasmania
74%
Philippines ; 97.530 km² Mindanao
66%
443.066 km² Sumatra
66%
217.291 km² Victoria Island
61%
Russia ; 72.493 km² Sakhalin
58%
145.836 km² South Island
58%
196.236 km² Ellesmere Island
53%
180.681 km² Sulawesi
53%
108.860 km² Newfoundland
50%
Argentina and Chile ; 47.401 km² Isla Grande de Tierra del Fuego
47%
Canada ; 70.028 km² Banks Island
34%
Canada ; 55.247 km² Devon Island
26%
Antarctica ; 49.070 km² Alexander Island
16%
No matching quizzes found
Score Distribution
Percent of People with Each Score
Percentile by Number Answered
Your Score History
You have not taken this quiz since the last reset